| 000 | 00000nas 2200000za 4500 |
| 001 | 9.855291 |
| 003 | CaOODSP |
| 005 | 20221107155251 |
| 007 | cr ||||||||||| |
| 008 | 180416d19841986oncqr p oss f0###a0eng|d |
| 022 | |y0829-657X|y0317-3135 |
| 040 | |aCaOODSP|beng |
| 041 | |aeng|afre |
| 043 | |an-cn--- |
| 086 | 1 |aCS84-001-PDF |
| 245 | 00|aVital statistics quarterly |h[electronic resource] / |cStatistics Canada = Statistique de l'état civil trimestriel / Statistique Canada. |
| 246 | 11|aStatistique de l'état civil trimestriel |
| 260 | |a[Ottawa] : |bStatistics Canada = Statistique Canada, |c1984-1987. |
| 310 | |aQuarterly |
| 362 | 0 |aVol. 32, no. 1 (Jan./Mar. 1984)-v. 34, no. 4 (Oct/Dec. 1986). |
| 500 | |aDigitized edition from print [produced by Statistics Canada]. |
| 546 | |aText in English and in French. |
| 580 | |aMerged with: Quarterly estimates of population for Canada, the provinces and the territories; to become: Quarterly demographic statistics. |
| 692 | 07|2gccst|aBirth |
| 692 | 07|2gccst|aMarriage |
| 692 | 07|2gccst|aDeath |
| 710 | 2 |aStatistics Canada. |
| 780 | 00|tVital statistics |w(CaOODSP)9.854184 |
| 792 | |tVital statistics quarterly |efre|w(CaOODSP)9.855293 |